LEADER 01274nam a2200313 i 4500 001 991002069889707536 005 20020508185944.0 008 931026s1973 it 00| 0 ita d 035 $ab10954697-39ule_inst 035 $aPARLA153951$9ExL 040 $aDip.to Filosofia$bita 082 0 $a320.8 100 1 $aRonchey, Alberto$0249970 245 10$aAtlante ideologico /$cAlberto Ronchey 260 $aMilano :$bGarzanti,$c1973 300 $a371 p. ;$c19 cm 440 2$aI Garzanti ;$v423 650 4$aPolitica$ySec. 20. 650 4$aIdeologia 650 4$aSocieta$ySec. 20. 907 $a.b10954697$b21-09-06$c28-06-02 912 $a991002069889707536 945 $aLE005 MF 13 M 33$g1$i2005000228667$lle005$o-$pE0.00$q-$rl$s- $t0$u0$v0$w0$x0$y.i11062897$z28-06-02 945 $aLE002 Fondo Giudici E 1229$g1$i2002000228581$lle002$nC. 1$o-$pE0.00$q-$rn$so $t0$u0$v0$w0$x0$y.i13726249$z05-08-04 945 $aLE002 Dir. III N 2$g1$i2002000475466$lle002$o-$pE0.00$q-$rl$s- $t0$u0$v0$w0$x0$y.i1033936x$z27-06-02 945 $aLE022 MP 78 H 21$g1$i2022000094900$lle022$o-$pE0.00$q-$rl$s- $t0$u0$v0$w0$x0$y.i1391859x$z08-11-04 996 $aAtlante ideologico$9615663 997 $aUNISALENTO 998 $ale005$ale002$ale022$b01-01-93$cm$da $e-$fita$git $h0$i1 LEADER 01713oam 2200481 450 001 9910716030103321 005 20210525145855.0 035 $a(CKB)5470000002517806 035 $a(OCoLC)890695654 035 $a(EXLCZ)995470000002517806 100 $a20140916j19681969 ua 0 101 0 $aeng 135 $aur||||||||||| 181 $ctxt$2rdacontent 182 $cc$2rdamedia 183 $acr$2rdacarrier 200 10$aExperiments on the stability of water lubricated herringbone-groove journal bearings /$fby Fredrick T. Schuller, David P. Fleming, and William J. Anderson 210 1$aWashington, DC :$cNational Aeronautics and Space Administration,$dNovember 1968, June 1969. 215 $a2 volumes $cillustrations 225 1 $aNASA/TN ;$v4883 225 1 $aNASA/TN ;$v5264 300 $a"November 1968." 300 $a"June 1969." 320 $aIncludes bibliographical references. 327 $aPart I. Theoretical considerations and clearance effects -- Part II. Effects of configuration and groove to Ridge clearance ratio. 606 $aStability tests$2nasat 606 $aJournal bearings$2nasat 606 $aBearings$2nasat 615 7$aStability tests. 615 7$aJournal bearings. 615 7$aBearings. 700 $aSchuller$b Fredrick T.$01396264 702 $aFleming$b David P. 702 $aAnderson$b William J. 712 02$aUnited States.$bNational Aeronautics and Space Administration, 801 0$bOCLCE 801 1$bOCLCE 801 2$bOCLCQ 801 2$bGPO 906 $aBOOK 912 $a9910716030103321 996 $aExperiments on the stability of water lubricated herringbone-groove journal bearings$93501183 997 $aUNINA